| Tag |
First Indicator |
Second Indicator |
Subfields |
| LEADER |
00000pam a2200000 i 4500 |
| 001 |
in00000093818 |
| 005 |
20150927070222.0 |
| 008 |
781207s1979 mauc b 00110 eng |
| 010 |
|
|
|a 78020785
|
| 020 |
|
|
|a 0805763716
|
| 035 |
|
|
|a (OCoLC)04515039
|
| 035 |
|
|
|9 AAL5668AM
|
| 040 |
|
|
|a DLC
|c DLC
|d TXA
|d UtOrBLW
|
| 049 |
|
|
|a TXAM
|c [980763]
|
| 050 |
0 |
0 |
|a B2993
|b .O28
|
| 082 |
0 |
|
|a 193
|
| 100 |
1 |
|
|a O'Flaherty, James C.
|
| 245 |
1 |
0 |
|a Johann Georg Hamann /
|c by James C. O'Flaherty.
|
| 264 |
|
1 |
|a Boston :
|b Twayne Publishers,
|c 1979.
|
| 300 |
|
|
|a 199 pages :
|b portrait ;
|c 21 cm.
|
| 336 |
|
|
|a text
|b txt
|2 rdacontent
|
| 337 |
|
|
|a unmediated
|b n
|2 rdamedia
|
| 338 |
|
|
|a volume
|b nc
|2 rdacarrier
|
| 490 |
0 |
|
|a Twayne's world authors series ; TWAS 530
|
| 500 |
|
|
|a Includes index.
|
| 504 |
|
|
|a Bibliography: pages 185-192.
|
| 600 |
1 |
0 |
|a Hamann, Johann Georg,
|d 1730-1788.
|
| 999 |
|
|
|a MARS
|
| 999 |
f |
f |
|s 67850aef-9cea-353e-b452-4b488f46d601
|i cce5ad60-6ff1-38a7-adc3-2637eb3887e5
|t 0
|
| 952 |
f |
f |
|p ric
|a Texas A&M University
|b Rellis Campus
|c Joint Library Facility
|d Remote Storage
|t 0
|e B2993 .O28
|h Library of Congress classification
|i unmediated -- volume
|m A14801629189
|
| 998 |
f |
f |
|a B2993 .O28
|t 0
|l Remote Storage
|